Un joueur avec ses 3 premiers clubs 7 (Edition Belge) - Statistiques

Statistiques générales
  • Ce quiz a été pris 79 fois
  • Le résultat moyen est 8 sur 15
Statistiques - réponses
Club 1 Transfert Club 2 Transfert Club 3 Joueur % Correct
Losc 35M Chelsea 115M Real Madrid Hazard
100%
Genk 8M Chelsea 22M Wolfsburg De bruyne
97%
Anderlecht 15M Chelsea 35.36M Everton Lukaku
90%
Genk 8.95M Chelsea 35M Real Madrid Courtois
75%
Anderlecht 10.50M Hambourg 8.50M Manchester City Kompany
70%
Virton 0.20M Brugge 6M PSG Meunier
67%
Standard 21.76M Everton 32.40M Manchester united Fellaini
62%
Ajax 12.50M Tottenham 0M Benfica Vertonghen
59%
Hambourg 12.60M Losc 35M Everton Onana
46%
Ajax 12M Arsenal 19M Barcelone Vermaelen
46%
Manchester united 8.50M Real Sociedad 0M Seville Januzaj
43%
Saint trond 2.50M Sunderland 10.60M Liverpool Mignolet
33%
Charleroi 0M Standard 11.50M OM Van buyten
28%
Genk 0.15M Standard 1M Genk Benteke
14%
Genk 3.15M Burnley 3.30M Brugge Vossen
1%
Aucun quiz correspondant
Distribution des résultats
% des personnes avec chaque résultat
Percentile par nombre de réponses
Votre historique - résultats
Vous n’avez pas pris ce quiz